[Event "FIDE World Blitz 2014"]
[Site "Dubai UAE"]
[Date "2014.06.19"]
[Round "11.49"]
[White "Shyam, Sundar M."]
[Black "Goloshchapov, Alexander"]
[Result "0-1"]
[WhiteTitle "GM"]
[BlackTitle "GM"]
[WhiteElo "2468"]
[BlackElo "2586"]
[WhiteFideId "5019141"]
[BlackFideId "14103222"]
[EventDate "2014.06.19"]

1. e4 e6 2. d4 d5 3. Bd3 c5 4. exd5 Qxd5 5. Nf3 cxd4 6. O-O Nc6 7. Re1 Nf6 8.
Bg5 Be7 9. Nbd2 Bd7 10. Ne4 Rd8 11. Qe2 h6 12. Bxf6 gxf6 13. Rad1 f5 14. Ng3 Kf8
15. c4 Qc5 16. a3 a5 17. Nh5 Rg8 18. Kh1 Bc8 19. Qd2 Rg6 20. Nf4 Rg4 21. h3 Rg8
22. Nh5 Bg5 23. Qe2 b6 24. h4 Be7 25. Qd2 Rh8 26. Nf4 Bf6 27. Nh5 Bg7 28. Qf4
Qd6 29. Qd2 Bb7 30. Nf4 Ne7 31. Ng1 Rg8 32. Ngh3 Bh8 33. Bf1 Rg4 34. Nxe6+ fxe6
35. Qxh6+ Bg7 36. Qh7 Kf7 37. f3 Rg6 38. c5 bxc5 39. Bc4 Rh8 40. Rxe6 Rxe6 41.
Ng5+ Kf8 42. Nxe6+ Qxe6 43. Qxh8+ Bxh8 44. Bxe6 Bd5 45. Bxd5 Nxd5 46. Rc1 d3 47.
Rxc5 Ne3 48. Rc8+ Ke7 49. Rxh8 d2 50. Rh7+ Ke6 51. Rh6+ Ke5 52. Kh2 d1=Q 53. Rh8
Qf1 54. Re8+ Kf4 55. Rg8 Nd5 56. Rd8 Ke5 57. Re8+ Kd4 58. Rf8 Qf2 59. Rxf5 Qxh4+
60. Kg1 Ne3 61. Rf8 Qe1+ 62. Kh2 Qh4+ 63. Kg1 Qe1+ 64. Kh2 Nf1+ 65. Kg1 Ne3+ 66.
Kh2 Qh4+ 67. Kg1 Kd3 68. Rf7 Ke2 69. Rf8 Qg3 0-1

[Event "FIDE World Blitz 2014"]
[Site "Dubai UAE"]
[Date "2014.06.19"]
[Round "11.51"]
[White "Kayumov, Sergey"]
[Black "Hilwani, Talal"]
[Result "1-0"]
[WhiteTitle "GM"]
[WhiteElo "2505"]
[BlackElo "2274"]
[WhiteFideId "14200880"]
[BlackFideId "7600410"]
[EventDate "2014.06.19"]

1. Nf3 Nf6 2. b3 g6 3. Bb2 Bg7 4. g3 O-O 5. Bg2 c5 6. O-O Nc6 7. c4 d5 8. cxd5
Nxd5 9. Bxg7 Kxg7 10. Qc2 b6 11. Nc3 Bb7 12. a3 Rc8 13. e3 e5 14. d3 Nd4 15.
exd4 cxd4 16. Qe2 dxc3 17. Qxe5+ Qf6 18. Rac1 Rfd8 19. d4 a5 20. Rfe1 b5 21. Ng5
Qxe5 22. dxe5 b4 23. axb4 axb4 24. e6 f6 25. Nf7 Rf8 26. Nd6 Rfe8 27. Nxb7 Nb6 1-0

[Event "FIDE World Blitz 2014"]
[Site "Dubai UAE"]
[Date "2014.06.20"]
[Round "12.3"]
[White "Lu, Shanglei"]
[Black "Nepomniachtchi, Ian"]
[Result "0-1"]
[WhiteTitle "GM"]
[BlackTitle "GM"]
[WhiteElo "2546"]
[BlackElo "2730"]
[WhiteFideId "8603332"]
[BlackFideId "4168119"]
[EventDate "2014.06.19"]

1. e4 c5 2. Nf3 d6 3. Bb5+ Bd7 4. Bxd7+ Qxd7 5. O-O Nc6 6. c3 Nf6 7. Re1 e6 8.
d4 cxd4 9. cxd4 d5 10. e5 Ne4 11. Nbd2 Nxd2 12. Bxd2 Be7 13. Rc1 O-O 14. a3 Rac8
15. Rc3 b5 16. Rd3 b4 17. a4 a5 18. Ng5 h6 19. Nh3 f5 20. exf6 Bxf6 21. Qg4 Kh7
22. Nf4 Nxd4 23. h3 Qf7 24. Nxe6 Nxe6 25. Rxe6 Bxb2 26. Rf3 h5 27. Rxf7 hxg4 28.
Rxf8 Rxf8 29. hxg4 Bc3 30. Bc1 Rb8 31. Rd6 d4 32. Kf1 b3 33. Ke2 b2 34. Bxb2
Rxb2+ 35. Kf3 Rb4 36. Kg3 Rxa4 37. f4 Be1+ 38. Kf3 Ra3+ 39. Ke4 Rg3 40. g5 d3
41. Kf5 d2 42. Rd8 0-1

[Event "FIDE World Blitz 2014"]
[Site "Dubai UAE"]
[Date "2014.06.20"]
[Round "12.10"]
[White "Cheparinov, Ivan"]
[Black "Wojtaszek, Radoslaw"]
[Result "0-1"]
[WhiteTitle "GM"]
[BlackTitle "GM"]
[WhiteElo "2682"]
[BlackElo "2715"]
[WhiteFideId "2905540"]
[BlackFideId "1118358"]
[EventDate "2014.06.19"]

1. d4 Nf6 2. c4 e6 3. Nf3 d5 4. g3 Bb4+ 5. Bd2 Be7 6. Bg2 c6 7. Qc2 Nbd7 8. O-O
O-O 9. Rd1 b6 10. Bf4 Bb7 11. Ne5 Nh5 12. Bd2 Nhf6 13. cxd5 cxd5 14. Nc6 Bxc6
15. Qxc6 Rc8 16. Qb5 Nb8 17. Nc3 Nc6 18. e3 Ne8 19. Qd3 Nd6 20. b3 Qd7 21. Ne2
Rc7 22. Rac1 Rfc8 23. f3 Ne8 24. Qb1 Ba3 25. Rc2 Nb4 26. Rxc7 Rxc7 27. Bf1 Nd6
28. Nf4 g6 29. Nd3 Nxd3 30. Qxd3 Qc8 31. e4 Bc1 32. Bb4 Ne8 33. exd5 exd5 34.
Re1 Bg5 35. h4 Bf6 36. Qb5 Bxd4+ 37. Kg2 Ng7 38. Bd3 Bc5 39. Bd2 h5 40. b4 Bf8
41. Bf4 Rc3 42. Qxd5 Ne6 43. Be5 Qc6 44. Qxc6 Rxc6 45. a3 a5 46. Be4 Rc8 47.
bxa5 bxa5 48. a4 Nc5 49. Rc1 Re8 50. Bc7 Nxe4 51. fxe4 Rxe4 52. Bxa5 Rxa4 53.
Be1 Ra2+ 54. Bf2 Bg7 55. Kf3 Ra3+ 56. Kg2 Be5 57. Re1 f6 58. Re3 Ra2 59. Rd3 Kf7
60. Kf3 Ra4 61. Rb3 Ke6 62. Rd3 Kf5 63. Rb3 Rc4 64. Rd3 Ra4 65. Rb3 Ra2 66. Rd3
g5 67. hxg5 fxg5 68. Kg2 Bb8 69. Rd5+ Kg6 70. Rb5 Ba7 0-1

[Event "FIDE World Blitz 2014"]
[Site "Dubai UAE"]
[Date "2014.06.20"]
[Round "12.11"]
[White "Tomashevsky, Evgeny"]
[Black "Riazantsev, Alexander"]
[Result "0-1"]
[WhiteTitle "GM"]
[BlackTitle "GM"]
[WhiteElo "2695"]
[BlackElo "2692"]
[WhiteFideId "4147235"]
[BlackFideId "4125029"]
[EventDate "2014.06.19"]

1. Nf3 e6 2. g3 b6 3. Bg2 Bb7 4. O-O Nf6 5. c4 Be7 6. d4 O-O 7. Re1 Na6 8. Nc3
Bb4 9. Bd2 Qc8 10. Rc1 h6 11. Nb5 Be7 12. Bf4 Nh5 13. Be3 Nf6 14. a3 Be4 15. Nc3
Bb7 16. b4 Nb8 17. Qb3 a5 18. c5 axb4 19. axb4 Nd5 20. Bd2 bxc5 21. bxc5 Nxc3
22. Bxc3 Bd5 23. Qb1 f5 24. Ne5 Bxg2 25. Kxg2 Bf6 26. Ng6 Re8 27. d5 Qd8 28. e4
Bxc3 29. Rxc3 Qf6 30. Rf3 Qxg6 31. exf5 Qg4 32. fxe6 dxe6 33. Qb7 Nd7 34. Rxe6
Nf6 35. Rxe8+ Rxe8 36. Qxc7 Qe4 37. d6 Rf8 38. Qe7 Qxe7 39. dxe7 Re8 40. Re3 Kf7
41. Kf3 Nd5 42. Re5 Nxe7 43. h4 Rd8 44. Ke4 Rd2 45. Ke3 Rc2 46. h5 Kf6 47. f4
Nf5+ 48. Kf3 Rc3+ 49. Ke4 Nxg3+ 50. Kd5 Nf5 51. Re6+ Kf7 52. Re5 Ne7+ 53. Kd6
Rd3+ 54. Kc7 Kf6 55. Kb7 Rd4 56. c6 Rb4+ 57. Kc7 Rxf4 58. Rc5 Rf5 0-1

[Event "FIDE World Blitz 2014"]
[Site "Dubai UAE"]
[Date "2014.06.20"]
[Round "12.12"]
[White "Svidler, Peter"]
[Black "Yudin, Sergei"]
[Result "0-1"]
[WhiteTitle "GM"]
[BlackTitle "GM"]
[WhiteElo "2753"]
[BlackElo "2546"]
[WhiteFideId "4102142"]
[BlackFideId "4159659"]
[EventDate "2014.06.19"]

1. e4 d6 2. d4 Nf6 3. Nc3 e5 4. Nge2 Be7 5. g3 c6 6. Bg2 O-O 7. a4 a5 8. O-O Na6
9. h3 Re8 10. g4 Nb4 11. f4 Qc7 12. Be3 Bf8 13. Ng3 exd4 14. Bxd4 Nd7 15. Qd2
Nc5 16. Rae1 Be6 17. g5 Rad8 18. Nh5 Bc4 19. Rf2 Ne6 20. Bf6 Rd7 21. b3 Ba6 22.
f5 Nc5 23. Bd4 d5 24. exd5 Red8 25. Rfe2 cxd5 26. Re8 Ne4 27. Rxd8 Rxd8 28. Bxe4
dxe4 29. Rxe4 b6 30. Qf2 Bb7 31. Rg4 Qc6 32. Ng3 Bd6 33. Nce4 Bxg3 34. Nxg3 Nxc2
35. g6 Nxd4 36. gxf7+ Kf8 0-1

[Event "FIDE World Blitz 2014"]
[Site "Dubai UAE"]
[Date "2014.06.20"]
[Round "12.17"]
[White "Bacrot, Etienne"]
[Black "Kasimdzhanov, Rustam"]
[Result "1-0"]
[WhiteTitle "GM"]
[BlackTitle "GM"]
[WhiteElo "2720"]
[BlackElo "2700"]
[WhiteFideId "605506"]
[BlackFideId "14200244"]
[EventDate "2014.06.19"]

1. d4 g6 2. e4 Bg7 3. Nf3 d6 4. Bc4 Nf6 5. Qe2 O-O 6. O-O c6 7. e5 dxe5 8. dxe5
Nd5 9. h3 b5 10. Bb3 a5 11. Rd1 e6 12. a3 a4 13. Ba2 Nd7 14. Nc3 Qc7 15. Bxd5
cxd5 16. Nxb5 Ba6 17. Nxc7 Bxe2 18. Re1 Bxf3 19. Nxa8 Be4 20. Nc7 Nxe5 21. Nb5
Bxc2 22. Be3 Rb8 23. Nd4 Bd3 24. Bf4 Nc4 25. Bxb8 Bxd4 26. Rad1 Nxb2 27. Rxd3
Nxd3 28. Rd1 Be5 29. Rxd3 Bxb8 30. Rd4 Kg7 31. Rxa4 Kf6 32. Kf1 Ke5 33. Ra8 Bd6
34. a4 Kd4 35. Ra7 f5 36. Rxh7 Bb4 37. Rh6 e5 38. Rxg6 e4 39. Ke2 Kc3 40. Rc6+
Kb3 41. Kd1 d4 42. Rf6 1-0

[Event "FIDE World Blitz 2014"]
[Site "Dubai UAE"]
[Date "2014.06.20"]
[Round "12.18"]
[White "Moradiabadi, Elshan"]
[Black "Mamedov, Rauf"]
[Result "0-1"]
[WhiteTitle "GM"]
[BlackTitle "GM"]
[WhiteElo "2586"]
[BlackElo "2659"]
[WhiteFideId "12501255"]
[BlackFideId "13401653"]
[EventDate "2014.06.19"]

1. d4 d6 2. Nf3 g6 3. h4 h5 4. Bg5 Bg7 5. Nc3 Nf6 6. e4 Bg4 7. Be2 O-O 8. Nd2
Bxe2 9. Qxe2 Nc6 10. Nf3 Nh7 11. O-O-O Nxg5 12. hxg5 e5 13. d5 Nd4 14. Qe3 c5
15. dxc6 bxc6 16. Ne2 c5 17. c3 Ne6 18. Qd3 Nxg5 19. Rd2 Bh6 20. Nxg5 Qxg5 21.
f4 exf4 22. Qf3 Rfe8 23. Re1 Rad8 24. Kb1 Qe5 25. Nc1 d5 26. Rde2 d4 27. Nd3 Qe6
28. Nxc5 Qb6 29. cxd4 Rxd4 30. Nb3 Rc4 31. Qd3 Rec8 32. e5 Qe6 33. Nd2 R4c6 34.
Nf3 Rc5 35. Nd4 f3 0-1

[Event "FIDE World Blitz 2014"]
[Site "Dubai UAE"]
[Date "2014.06.20"]
[Round "12.19"]
[White "Gundavaa, Bayarsaikhan"]
[Black "Nguyen, Ngoc Truong Son"]
[Result "0-1"]
[WhiteTitle "GM"]
[BlackTitle "GM"]
[WhiteElo "2501"]
[BlackElo "2621"]
[WhiteFideId "4901045"]
[BlackFideId "12401110"]
[EventDate "2014.06.19"]

1. e4 e6 2. d4 d5 3. e5 c5 4. c3 Nc6 5. Nf3 Bd7 6. Be2 Nge7 7. O-O cxd4 8. cxd4
Nf5 9. Nc3 a6 10. Be3 Be7 11. Qd2 O-O 12. Bd3 Nxe3 13. Qxe3 b5 14. Ne2 Nb4 15.
Bb1 Rc8 16. Qd2 Nc6 17. g3 f6 18. Nf4 fxe5 19. dxe5 g5 20. Qd3 Rf5 21. Ne2 g4
22. Ned4 gxf3 23. Nxf5 exf5 24. Qxd5+ Kg7 25. e6 Be8 26. Qxf3 Nd4 27. Qe3 Bc6
28. Rd1 Nf3+ 29. Qxf3 Bxf3 30. Rxd8 Rc1+ 0-1

[Event "FIDE World Blitz 2014"]
[Site "Dubai UAE"]
[Date "2014.06.20"]
[Round "12.21"]
[White "Vitiugov, Nikita"]
[Black "Fedoseev, Vladimir3"]
[Result "1/2-1/2"]
[WhiteTitle "GM"]
[BlackTitle "GM"]
[WhiteElo "2742"]
[BlackElo "2662"]
[WhiteFideId "4152956"]
[BlackFideId "24130737"]
[EventDate "2014.06.19"]

1. d4 g6 2. e4 Bg7 3. Nc3 d6 4. g3 c6 5. Bg2 Nd7 6. Nge2 Ngf6 7. a4 O-O 8. O-O
c5 9. h3 cxd4 10. Nxd4 a6 11. Be3 Qc7 12. Nd5 Nxd5 13. exd5 Nf6 14. b3 e5 15.
dxe6 fxe6 16. c4 Bd7 17. a5 e5 18. Nc2 Bc6 19. Nb4 e4 20. Qd2 Rae8 21. Rad1 Re6
22. Bf4 Rd8 23. c5 Bb5 24. cxd6 Qxa5 25. Rfe1 Bf8 26. Nd5 Qxd2 27. Nxf6+ Rxf6
28. Rxd2 Bc6 29. Bxe4 Re6 30. f3 Bxd6 31. Bxd6 Rexd6 32. Rxd6 Rxd6 33. Bxc6 bxc6
34. Ra1 Rd3 35. Kf2 Rxb3 36. Rxa6 Rc3 37. Ra7 c5 38. Rc7 c4 39. Ke2 h5 40. h4
Kf8 41. Kf2 Kg8 42. Ke2 Kf8 43. Kf2 Kg8 44. Ke2 Kf8 1/2-1/2

[Event "FIDE World Blitz 2014"]
[Site "Dubai UAE"]
[Date "2014.06.20"]
[Round "12.22"]
[White "Safarli, Eltaj"]
[Black "Jobava, Baadur"]
[Result "1-0"]
[WhiteTitle "GM"]
[BlackTitle "GM"]
[WhiteElo "2649"]
[BlackElo "2713"]
[WhiteFideId "13402129"]
[BlackFideId "13601520"]
[EventDate "2014.06.19"]

1. e4 d6 2. d4 Nf6 3. Nc3 e5 4. Nf3 Nbd7 5. Bc4 Be7 6. O-O c6 7. a4 O-O 8. Re1
a5 9. b3 h6 10. Ba3 Qc7 11. Qd2 Rd8 12. Rad1 Nf8 13. h3 Ng6 14. Qe3 Nh7 15. dxe5
dxe5 16. Rxd8+ Bxd8 17. Rd1 Ng5 18. Nxg5 Bxg5 19. Qd3 Qb6 20. Ne2 Nh4 21. Qd6
Bxh3 22. Bc5 Qxc5 23. Qxc5 Bxg2 24. Rd7 Bxe4 25. Rxf7 Kh8 26. Rf8+ Kh7 27. Bg8+
Kg6 28. Bf7+ Kf5 29. Ng3+ Kg4 30. Nxe4 Nf3+ 31. Kf1 1-0

[Event "FIDE World Blitz 2014"]
[Site "Dubai UAE"]
[Date "2014.06.20"]
[Round "12.24"]
[White "Inarkiev, Ernesto"]
[Black "Matlakov, Maxim"]
[Result "1/2-1/2"]
[WhiteTitle "GM"]
[BlackTitle "GM"]
[WhiteElo "2682"]
[BlackElo "2689"]
[WhiteFideId "4162722"]
[BlackFideId "4168003"]
[EventDate "2014.06.19"]

1. e4 c5 2. Nf3 e6 3. d4 cxd4 4. Nxd4 Nc6 5. Nc3 Qc7 6. Be3 a6 7. Be2 b5 8. O-O
Bb7 9. Nxc6 dxc6 10. f4 Be7 11. a4 b4 12. Nb1 Nf6 13. Nd2 c5 14. Bd3 c4 15. Nxc4
Bxe4 16. Bxe4 Nxe4 17. Qd4 Nf6 18. b3 O-O 19. Qe5 Qc6 20. Bd4 Rad8 21. Kh1 Rd5
22. Qe3 Rfd8 23. Bb2 Bc5 24. Qf3 Be7 25. Rae1 Qc5 26. Qh3 h6 27. Qf3 h5 28. h3
h4 29. Qf2 Nh5 30. Qxc5 Ng3+ 31. Kh2 Nxf1+ 32. Rxf1 Bxc5 33. Re1 Bd4 34. Bc1 Bf2
35. Rf1 Bg3+ 36. Kg1 Rd1 37. Be3 f6 38. Nb2 Rxf1+ 39. Kxf1 Kf7 40. Nd3 e5 41.
fxe5 fxe5 42. Nxb4 a5 43. Nd3 e4 44. Nc5 Rd1+ 45. Ke2 Re1+ 46. Kd2 Rh1 47. Ke2
Re1+ 48. Kd2 Rh1 49. Ke2 Re1+ 50. Kd2 Rh1 51. Ke2 Re1+ 52. Kd2 Rh1 53. Ke2 1/2-1/2

[Event "FIDE World Blitz 2014"]
[Site "Dubai UAE"]
[Date "2014.06.20"]
[Round "12.25"]
[White "Michalik, Peter"]
[Black "Van Wely, Loek"]
[Result "0-1"]
[WhiteTitle "GM"]
[BlackTitle "GM"]
[WhiteElo "2557"]
[BlackElo "2654"]
[WhiteFideId "14907526"]
[BlackFideId "1000268"]
[EventDate "2014.06.19"]

1. d4 Nf6 2. c4 e6 3. Nc3 Bb4 4. Nf3 c5 5. g3 cxd4 6. Nxd4 Ne4 7. Qc2 Nxc3 8.
bxc3 Be7 9. Bg2 Na6 10. O-O Nc5 11. Rd1 O-O 12. Bf4 a6 13. Nb3 Ra7 14. Nxc5 Bxc5
15. Bd6 Bxd6 16. Rxd6 Qc7 17. Qd3 b5 18. cxb5 axb5 19. h4 Ra3 20. Rd1 b4 21. Be4
h6 22. Qe3 bxc3 23. Bc2 Rxa2 24. Qd3 f5 25. e4 Qc5 26. Rd4 Ba6 0-1

[Event "FIDE World Blitz 2014"]
[Site "Dubai UAE"]
[Date "2014.06.20"]
[Round "12.26"]
[White "Volokitin, Andrei"]
[Black "Salem, A.R. Saleh"]
[Result "1-0"]
[WhiteTitle "GM"]
[BlackTitle "GM"]
[WhiteElo "2638"]
[BlackElo "2581"]
[WhiteFideId "14107090"]
[BlackFideId "9301348"]
[EventDate "2014.06.19"]

1. e4 e5 2. Nf3 Nc6 3. Bb5 f5 4. Nc3 fxe4 5. Nxe4 Nf6 6. Nxf6+ Qxf6 7. Qe2 Be7
8. Bxc6 bxc6 9. Qxe5 d6 10. Qxf6 Bxf6 11. d4 O-O 12. Be3 Bg4 13. Nd2 Rab8 14. f3
Bh4+ 15. g3 Rbe8 16. Kf2 Bf6 17. Rhe1 c5 18. c3 Bf5 19. dxc5 Rb8 20. Nb3 a5 21.
Re2 a4 22. Nd4 Bd3 23. Rd2 dxc5 24. Ne6 Rfe8 25. Nxc5 Bb5 26. Bd4 Bg5 27. f4 Be7
28. Re1 Bf8 29. Rxe8 Rxe8 30. Nd3 Bc4 31. a3 Bd6 32. Ne5 Bb3 33. c4 g5 34. c5
Bf8 35. fxg5 Bxc5 36. Bxc5 Rxe5 37. Be3 Be6 38. h4 Rb5 39. Bf4 c5 40. Be5 Kf7
41. Ke3 Kg6 42. Kf4 Kf7 43. Rd6 Rb3 44. h5 Bh3 45. g6+ hxg6 46. hxg6+ Ke7 47. g7
Rb8 48. Rh6 1-0

[Event "FIDE World Blitz 2014"]
[Site "Dubai UAE"]
[Date "2014.06.20"]
[Round "12.29"]
[White "Sokolov, Ivan"]
[Black "Efimenko, Zahar"]
[Result "1-0"]
[WhiteTitle "GM"]
[BlackTitle "GM"]
[WhiteElo "2650"]
[BlackElo "2648"]
[WhiteFideId "14400030"]
[BlackFideId "14107201"]
[EventDate "2014.06.19"]

1. d4 Nf6 2. c4 e6 3. Nf3 b6 4. a3 Bb7 5. Nc3 g6 6. Qc2 Bg7 7. e4 O-O 8. Bd3 d6
9. O-O Nbd7 10. b4 c5 11. bxc5 dxc5 12. d5 Ng4 13. Bb2 Nde5 14. Be2 Nxf3+ 15.
Bxf3 Ne5 16. Be2 exd5 17. cxd5 Nd7 18. f4 Bd4+ 19. Kh1 a6 20. Bf3 b5 21. e5 Nb6
22. Ne4 Nxd5 23. Bxd4 cxd4 24. Qd2 Qb6 25. Nd6 Bc6 26. Rac1 Ne7 27. f5 Bxf3 28.
Rxf3 f6 29. Qh6 Ra7 30. exf6 Rxf6 31. Nc8 Qb7 32. Nxa7 Qxa7 33. fxg6 Rxf3 34.
Qxh7+ Kf8 35. g7+ Kf7 36. g8=Q+ 1-0

[Event "FIDE World Blitz 2014"]
[Site "Dubai UAE"]
[Date "2014.06.20"]
[Round "12.30"]
[White "Najer, Evgeniy"]
[Black "Moiseenko, Alexander"]
[Result "1-0"]
[WhiteTitle "GM"]
[BlackTitle "GM"]
[WhiteElo "2653"]
[BlackElo "2707"]
[WhiteFideId "4118987"]
[BlackFideId "14102560"]
[EventDate "2014.06.19"]

1. e4 c5 2. Nc3 Nc6 3. Bb5 Nd4 4. Bc4 e6 5. Nge2 a6 6. Nxd4 cxd4 7. Ne2 Bc5 8.
d3 Ne7 9. Bb3 O-O 10. O-O Kh8 11. Ng3 f5 12. exf5 Nxf5 13. Bf4 d6 14. Ne4 Bb6
15. Qh5 e5 16. Bg5 Qc7 17. f4 Bd7 18. fxe5 dxe5 19. Rf3 Ne3 20. Nf6 gxf6 21.
Bxf6+ Rxf6 22. Rxf6 Bg4 23. Qh6 Qg7 24. Qxg7+ Kxg7 25. Rxb6 Rf8 26. Rxb7+ Kh6
27. Rb6+ Kg5 28. Re1 h5 29. Rxa6 h4 30. h3 Bc8 31. Ra5 Kf4 32. Kh2 Bb7 33. Re2
Nf1+ 34. Kg1 Kg3 35. Raxe5 Ne3 36. R5xe3+ dxe3 37. Rxe3+ Kf4 38. Re7 Rb8 39.
Rf7+ Ke3 40. Re7+ Kd2 41. Rh7 Kc1 42. Rxh4 Kxb2 43. Rb4 Kc3 44. a3 Kd2 45. Bd5
Re8 46. Bxb7 Re1+ 47. Kh2 Re3 48. Be4 Kxc2 49. a4 Kc3 50. Rc4+ Kb3 51. a5 Re2
52. a6 Ra2 53. Bb7 Ra5 54. h4 Kb2 55. Rg4 Kc3 56. Rg5 Ra4 57. h5 Kd2 58. Kh3 Ra1
59. g3 Ke3 60. h6 Rh1+ 61. Bxh1 1-0

[Event "FIDE World Blitz 2014"]
[Site "Dubai UAE"]
[Date "2014.06.20"]
[Round "12.31"]
[White "Savchenko, Boris"]
[Black "Durarbayli, Vasif"]
[Result "1/2-1/2"]
[WhiteTitle "GM"]
[BlackTitle "GM"]
[WhiteElo "2581"]
[BlackElo "2590"]
[WhiteFideId "4147332"]
[BlackFideId "13402935"]
[EventDate "2014.06.19"]

1. e4 c5 2. Nf3 d6 3. d4 cxd4 4. Nxd4 Nf6 5. Nc3 Nc6 6. Bg5 e6 7. Qd2 a6 8.
O-O-O Be7 9. f4 Nxd4 10. Qxd4 b5 11. Bxf6 gxf6 12. e5 d5 13. Be2 Rb8 14. Bh5 f5
15. g4 fxg4 16. f5 Qb6 17. Qxg4 Qe3+ 18. Kb1 Qg5 19. Qe2 b4 20. Rhg1 Qxf5 21.
Rdf1 Qh3 22. Rxf7 Kd8 23. Na4 Rf8 24. Rxf8+ Bxf8 25. Bg4 Qh4 26. Qf3 Qe7 27. Bh3
Bg7 28. Qe3 Rb5 29. b3 Kc7 30. Nb2 Bf8 31. Nd3 Kb8 32. Rg4 Qa7 33. Qe1 h5 34.
Rg8 Qf7 35. Qg1 Rb7 36. Rg2 Rc7 37. Rf2 Qe7 38. Qd1 h4 39. Qg4 Bg7 40. Re2 a5
41. Qd4 Ba6 42. Qb6+ Bb7 43. Qxe6 Qxe6 44. Bxe6 Re7 45. Bf5 Ba6 46. e6 Kc7 47.
Rd2 Bc3 48. Rd1 Kd6 49. Nf4 d4 50. Ng6 Re8 51. Nxh4 Bb7 52. Rf1 Bd5 53. Bh3 d3
54. cxd3 Bxe6 55. Bxe6 Rxe6 56. Nf5+ Kd5 57. Rf2 Re1+ 58. Kc2 Ra1 59. Rf4 Rxa2+
60. Kd1 Rd2+ 61. Kc1 Rxh2 62. Ne3+ Ke6 63. Re4+ Kd7 64. Nc4 Ra2 65. d4 Kc6 66.
Re5 Bxd4 67. Nxa5+ Kc7 68. Rb5 Bc3 69. Nc4 Kc6 70. Rb8 Kd5 71. Rd8+ Ke4 72. Rd7
Rh2 73. Kb1 Bd4 74. Rf7 Rh3 75. Kc2 Rc3+ 76. Kd1 Rh3 77. Kc2 Rh2+ 78. Kd1 Ra2
79. Rh7 Rf2 80. Rh4+ Kd5 81. Nd2 Bc3 82. Nc4 Kc5 83. Rh5+ Kd4 84. Rh4+ Kd5 85.
Rh5+ Ke4 86. Rh4+ 1/2-1/2

[Event "FIDE World Blitz 2014"]
[Site "Dubai UAE"]
[Date "2014.06.20"]
[Round "12.32"]
[White "Mchedlishvili, Mikheil"]
[Black "Fier, Alexandr"]
[Result "0-1"]
[WhiteTitle "GM"]
[BlackTitle "GM"]
[WhiteElo "2632"]
[BlackElo "2580"]
[WhiteFideId "13600966"]
[BlackFideId "2107139"]
[EventDate "2014.06.19"]

1. Nf3 d5 2. c4 e6 3. d4 c6 4. Qc2 Nf6 5. Bg5 h6 6. Bh4 dxc4 7. Qxc4 b5 8. Qc2
Bb7 9. e4 Be7 10. Bd3 g5 11. Bg3 g4 12. Ne5 Qxd4 13. Nc3 Nh5 14. Nxg4 Nxg3 15.
hxg3 Qg7 16. Ne3 Nd7 17. a4 a6 18. Kf1 Rc8 19. Ne2 Bc5 20. Nd1 Bb6 21. Nf4 Qd4
22. Rh5 Ne5 23. Ne3 Nxd3 24. Qxd3 Qxb2 25. Rb1 Qa2 26. Rc1 Rd8 27. Qc3 Bd4 28.
Qa5 Bxe3 29. fxe3 Qd2 30. Qxd2 Rxd2 31. axb5 axb5 32. Ra1 Kd7 33. Ke1 Rb2 34.
Kf1 Kc7 35. Nd3 Rd2 36. Nc5 Ra8 37. Rc1 Raa2 38. Rxh6 Rf2+ 39. Ke1 Rxg2 40. Rf6
Rg1+ 41. Rf1 Rxf1+ 42. Kxf1 e5 43. Rd1 Bc8 44. Kg1 Re2 45. Rf1 Rxe3 46. Rxf7+
Kb6 0-1

[Event "FIDE World Blitz 2014"]
[Site "Dubai UAE"]
[Date "2014.06.20"]
[Round "12.33"]
[White "Ipatov, Alexander"]
[Black "Onischuk, Vladimir"]
[Result "1-0"]
[WhiteTitle "GM"]
[BlackTitle "GM"]
[WhiteElo "2613"]
[BlackElo "2594"]
[WhiteFideId "14116731"]
[BlackFideId "14114038"]
[EventDate "2014.06.19"]

1. c4 Nf6 2. d4 g6 3. g3 Bg7 4. Bg2 O-O 5. Nc3 d6 6. e3 Nbd7 7. Nge2 e5 8. O-O
Re8 9. b4 e4 10. Qc2 Qe7 11. b5 Nf8 12. Nd5 Nxd5 13. cxd5 b6 14. Bd2 Bb7 15. Nc3
f5 16. a4 a5 17. bxa6 Bxa6 18. Nb5 Rec8 19. Rfc1 Nd7 20. Bf1 Nf6 21. Qb3 Bb7 22.
Bc4 Kh8 23. a5 bxa5 24. Rxa5 Rxa5 25. Bxa5 c6 26. Na7 Ra8 27. dxc6 Rxa7 28. c7
Ne8 29. Qxb7 Rxb7 30. c8=Q Bf8 31. Bd8 Qd7 32. Bf6+ Bg7 33. Qxd7 Rxd7 34. Bb5
Nxf6 35. Rc8+ 1-0

[Event "FIDE World Blitz 2014"]
[Site "Dubai UAE"]
[Date "2014.06.20"]
[Round "12.34"]
[White "Anton Guijarro, David"]
[Black "Tkachiev, Vladislav"]
[Result "1-0"]
[WhiteTitle "GM"]
[BlackTitle "GM"]
[WhiteElo "2631"]
[BlackElo "2625"]
[WhiteFideId "2285525"]
[BlackFideId "618438"]
[EventDate "2014.06.19"]

1. Nf3 Nf6 2. d4 g6 3. Bg5 Bg7 4. Nbd2 h6 5. Bh4 O-O 6. c3 d6 7. e4 c5 8. dxc5
dxc5 9. Bc4 Nc6 10. Qe2 Na5 11. Bd3 Nh5 12. Bg3 Qb6 13. Nc4 Nxc4 14. Bxc4 Bg4
15. O-O Rad8 16. Rab1 Rd7 17. Bb5 Nxg3 18. hxg3 Rd6 19. Rfd1 Rfd8 20. Rxd6 Rxd6
21. Bc4 e6 22. Qe3 Bxf3 23. gxf3 Qd8 24. Qxc5 Rc6 25. Qb4 Qd2 26. Bb3 Rb6 27.
Qa4 Qe2 28. Qe8+ Bf8 29. Rd1 Qxf3 30. Rd8 1-0

[Event "FIDE World Blitz 2014"]
[Site "Dubai UAE"]
[Date "2014.06.20"]
[Round "12.35"]
[White "Al-Modiahki, Mohamad"]
[Black "Eljanov, Pavel"]
[Result "0-1"]
[WhiteTitle "GM"]
[BlackTitle "GM"]
[WhiteElo "2549"]
[BlackElo "2723"]
[WhiteFideId "12100030"]
[BlackFideId "14102951"]
[EventDate "2014.06.19"]

1. e4 c6 2. d4 d5 3. e5 Bf5 4. Nf3 e6 5. Be2 Ne7 6. O-O h6 7. Nbd2 Nd7 8. Nb3
Qc7 9. Be3 Bh7 10. Rc1 a5 11. Bd3 a4 12. Na1 Bxd3 13. Qxd3 Nf5 14. Bd2 Be7 15.
c3 O-O 16. Nc2 c5 17. g4 Nh4 18. Nxh4 Bxh4 19. f4 Qb6 20. Rb1 Be7 21. f5 cxd4
22. Nxd4 Nxe5 23. Qg3 Nc4 24. f6 Bxf6 25. Rxf6 Nxd2 0-1

[Event "FIDE World Blitz 2014"]
[Site "Dubai UAE"]
[Date "2014.06.20"]
[Round "12.37"]
[White "Kovalev, Vladislav"]
[Black "Georgiev, Kiril"]
[Result "1-0"]
[WhiteTitle "GM"]
[BlackTitle "GM"]
[WhiteElo "2554"]
[BlackElo "2644"]
[WhiteFideId "13504398"]
[BlackFideId "2900017"]
[EventDate "2014.06.19"]

1. e4 e5 2. Nf3 Nf6 3. Nxe5 d6 4. Nf3 Nxe4 5. d4 Be7 6. d5 O-O 7. Bd3 Nc5 8. Be2
Bf6 9. O-O Re8 10. Nbd2 Bf5 11. Nc4 Nbd7 12. Be3 Na4 13. c3 b5 14. Na5 Nxb2 15.
Qb3 Na4 16. Nc6 Qc8 17. Nxa7 Rxa7 18. Bxa7 Rxe2 19. Nd4 Ndc5 20. Qa3 Re8 21.
Rfe1 Bd3 22. Qb4 h6 23. Nxb5 Qd7 24. Nd4 Be4 25. Qa3 Bxd5 26. Bxc5 dxc5 27. Nb3
Bxc3 28. Nxc5 Rxe1+ 29. Rxe1 Nxc5 30. Qxc3 Ne6 31. Rd1 Qb5 32. a4 Qb7 33. f3 c5
34. a5 Bc6 35. Ra1 Qa6 36. Qb2 Bb5 37. Qe5 c4 38. Qb8+ Kh7 39. Rb1 Ba4 40. Qb6
Qa8 41. a6 c3 42. Qb7 c2 43. Rc1 Qd8 44. Qe4+ g6 45. Qxa4 Qb6+ 46. Kh1 Nc5 47.
Qc4 Nxa6 48. Qxf7+ Kh8 49. Qe8+ Kh7 50. Qd7+ Kg8 51. Qc8+ Kf7 52. Qxc2 Nb4 53.
Qb3+ Kf6 54. Rb1 1-0